| 000 | 01219nam0a22003131 4500 | ||
|---|---|---|---|
| 001 | RU\NLR\A1SV\52906 | ||
| 005 | 20260406152540.0 | ||
| 035 | _a(NLR Aleph) 009734871 | ||
| 090 |
_a9922591 _c9922591 |
||
| 100 | _a20050518d1923 u y0rusy50 ca | ||
| 101 | 1 |
_arus _ceng |
|
| 102 | _aRU | ||
| 200 | 1 |
_aЧеловек-волк _e[Рассказы] _fР.Киплинг _gПер. с англ. А.[!]Михайловой-Штерн _g[Худож.] В.Артемьев |
|
| 210 |
_aМ. _cНов. Москва _d1923 |
||
| 215 |
_a274, [2] с., [1] л. ил. _cил. _d24 см |
||
| 300 | _aИзд. также под загл.: В джунглях, Волчий приемыш, Маугли | ||
| 300 | _aНа обл. авт.: Редиард Киплинг | ||
| 300 | _aХудож. указан на л. ил. | ||
| 620 | _dМосква | ||
| 700 | 1 |
_8rus _7ca _aКиплинг _bР. _f1865-1936 _gРедьярд _3RU\NLR\auth\775969 _9115925 |
|
| 702 | 1 |
_aМихайлова-Штерн _bС.С. _f1880-1952 _gСофия Самойловна _4730 |
|
| 702 | 1 |
_aАртемьев _bВ. _4040 |
|
| 801 | 0 |
_aRU _bNLR _c20050518 |
|
| 852 |
_aNLR _j2/176 |
||
| 899 | _aРГБ | ||
| 942 | _cBOOK | ||
| 980 | _aNB | ||
| 980 | _aA1SV | ||